Горный информационно-аналитический бюллетень; Тематическое приложение. Аэрология. 2006

Bibliografiske detaljer
Institution som forfatter: Московский государственный горный университет
Andre forfattere: Пучков П. А. (редактор)
Summary:Приведены материалы симпозиума «Неделя горняка», проходившего в Московском государственном горном университете 23-27 января 2006 г. Освещены вопросы обеспечения вентиляции горных предприятий и подземных сооружений. Для инженерно-технических работников, занимающихся вопросами вентиляции шахт, рудников, горных выработок, подземных сооружений, аспирантов и студентов горных специальностей вузов.
Sprog:russisk
Udgivet: Москва, Изд-во МГГУ, 2006
Serier:Горный информационно-аналитический бюллетень
Fag:
Format: Bog
KOHA link:https://koha.lib.tpu.ru/cgi-bin/koha/opac-detail.pl?biblionumber=108637

MARC

LEADER 00000nam0a2200000 4500
001 108637
005 20231031115737.0
035 |a (RuTPU)RU\TPU\book\117280 
035 |a RU\TPU\book\117273 
090 |a 108637 
100 |a 20070123d2006 k y0rusy50 ca 
101 0 |a rus 
102 |a RU 
105 |a a z 001zy 
200 1 |a Горный информационно-аналитический бюллетень  |a Тематическое приложение. Аэрология. 2006  |f Московский государственный горный университет; под ред. П. А. Пучкова 
210 |a Москва  |c Изд-во МГГУ  |d 2006 
215 |a 240 с.  |c ил. 
225 1 |a Горный информационно-аналитический бюллетень  |x 0236-1493 
320 |a Библиография в конце глав. 
330 |a Приведены материалы симпозиума «Неделя горняка», проходившего в Московском государственном горном университете 23-27 января 2006 г. Освещены вопросы обеспечения вентиляции горных предприятий и подземных сооружений. Для инженерно-технических работников, занимающихся вопросами вентиляции шахт, рудников, горных выработок, подземных сооружений, аспирантов и студентов горных специальностей вузов. 
610 1 |a горное дело 
610 1 |a аэрология 
610 1 |a горные выработки 
610 1 |a подземные сооружения 
610 1 |a вентиляция 
610 1 |a горные предприятия 
675 |a 622.42/.46  |v 3 
702 1 |a Пучков  |b П. А.  |4 340 
712 0 2 |a Московский государственный горный университет  |2 stltpush  |3 (RuTPU)RU\TPU\col\453 
801 1 |a RU  |b 63413507  |c 20070123  |g PSBO 
801 2 |a RU  |b 63413507  |c 20231009  |g PSBO 
942 |c BK